Bioquímica /

Kaydedildi:
Detaylı Bibliyografya
Yazar: Champe, Pamela C. (autor)
Diğer Yazarlar: Harvey, Richard A. (autor) (autor), Ferrier, Denise R. (autor) (autor)
Materyal Türü: Kitap
Dil:İspanyolca
Baskı/Yayın Bilgisi: México : McGraw-Hill, 2006, c2006
Konular:
Etiketler: Etiketle
Etiket eklenmemiş, İlk siz ekleyin!

MARC

LEADER 00000nam^a2200000^a^4500
001 000194629
005 20250521000000.0
009 20260310102725.361
020 |a 970-10-5377-X 
037 |a Acervo ITESO - Biblioteca 
041 |a ESP 
082 |a 612. 39  |b CHA 
100 |a Champe, Pamela C.  |e (autor) 
245 1 0 |a Bioquímica /  |c P.C. Champe, R.A. Harvey, D.R. Ferrier ; tr. por Santiago Sapiña Renard, Martha Elena Araiza Martínez. 
264 4 |a México :  |b McGraw-Hill,  |c 2006, c2006 
300 |a IX, 603 p. 
336 |a texto  |b txt  |2 rdacontenido 
337 |a sin mediación  |b n  |2 rdamedio 
338 |a volumen  |b nc  |2 rdasoporte 
500 |a Traducción de: Biochemistry (Lippincotts’ Illustrated Reviews) 
590 |a Traducción de la 3a edición en inglés 
649 |a XX 
650 |a Proteínas 
650 |a Insulina 
650 |a Nitrógeno -  |x Asimilación y Excreción 
650 |a Lípidos -  |x Metabolismo 
650 |a Acidos Nucleicos 
650 |a Metabolismo -  |x Tema Principal 
650 |a Obesidad 
650 |a Diabetes Mellitus 
650 |a Nutrición 
650 |a Bioquímica -  |x Tema Principal 
650 |a Ciencias Médicas 
700 |a Harvey, Richard A.  |e (autor) 
700 |a Ferrier, Denise R.  |e (autor) 
910 |a Fondo General 
920 |a Impresos - Libros 
930 |a Colección General 
905 |a 101 
901 |a 0500139746  |b IT1  |c ACC  |u 20250521 
901 |a 0500139743  |b IT1  |c ACC  |u 20250521 
902 |a https://opac.biblio.iteso.mx/vufind/Record/000194629